[Event "LSS WC-2013-S-00014"]
[Site "LSS email"]
[Date "2010.07.20"]
[Round "?"]
[White "Matin, Boris"]
[Black "Atuan, Jorge Daniel"]
[Result "1-0"]
[WhiteElo "2347"]
[BlackElo "2199"]
[PlyCount "99"]
[EventDate "2010.07.25"]
[EventType "tourn (corr)"]
[EventRounds "12"]
[EventCountry "GER"]
[SourceTitle "Telechess CBM 149"]
[Source "ChessBase"]
[SourceDate "2012.07.17"]
[SourceVersion "1"]
[SourceVersionDate "2012.07.17"]
[SourceQuality "1"]

1. d4 Nf6 2. c4 e6 3. Nc3 Bb4 4. Qc2 0-0 5. a3 Bxc3+ 6. Qxc3 b6 7. Bg5 Ba6 8. e3 d6 9. Nf3 Nbd7 10. Nd2 h6 11. Bh4 c5 12. Be2 Rc8 13. dxc5 bxc5 14. 0-0 Qb6 15. Qc2 d5 16. Rfe1 Bb7 17. Bg3 a5 18. Rab1 Rfe8 19. h3 Bc6 20. b3 Qb7 21. Bf1 Red8 22. Bh4 Qa7 23. cxd5 exd5 24. Rbc1 g5 25. Bg3 a4 26. b4 cxb4 27. axb4 Qb6 28. Qc3 Re8 29. Qa3 Bb5 30. Bxb5 Qxb5 31. Nf3 Nb6 32. Nd4 Qd7 33. b5 Ne4 34. Rc6 Rxc6 35. bxc6 Qd8 36. Rc1 Qe7 37. Qxe7 Rxe7 38. Rb1 Nc8 39. Rb8 Re8 40. c7 f6 41. Bh2 Nd2 42. Ra8 Nc4 43. Rxa4 Rf8 44. Nf5 Kf7 45. Nxh6+ Ke6 46. Ra6+ Kd7 47. Nf5 N8b6 48. Nd6 Nxd6 49. Rxb6 Nc8 50. Ra6 1-0

[Event "LSS WC-2013-S-00014"]
[Site "LSS email"]
[Date "2010.07.20"]
[Round "?"]
[White "Matin, Boris"]
[Black "Dutra Neto, Alfredo Carlos S"]
[Result "1-0"]
[WhiteElo "2347"]
[BlackElo "2457"]
[PlyCount "135"]
[EventDate "2010.07.25"]
[EventType "tourn (corr)"]
[EventRounds "12"]
[EventCountry "GER"]
[SourceTitle "Telechess CBM 149"]
[Source "ChessBase"]
[SourceDate "2012.07.17"]
[SourceVersion "1"]
[SourceVersionDate "2012.07.17"]
[SourceQuality "1"]

1. d4 Nf6 2. c4 c5 3. d5 b5 4. Nf3 e6 5. dxe6 fxe6 6. cxb5 d5 7. Bg5 Nbd7 8. e3 c4 9. Be2 Bb4+ 10. Nbd2 a6 11. bxa6 Bxa6 12. 0-0 0-0 13. a3 Be7 14. Qc2 Qb6 15. Rab1 Rac8 16. Nd4 Bc5 17. b4 Bxd4 18. exd4 Qxd4 19. a4 Qb6 20. Qa2 h6 21. Bxf6 Rxf6 22. b5 Bb7 23. a5 Qc5 24. Qc2 c3 25. Nb3 Qd6 26. b6 Nb8 27. Bd3 e5 28. Qe2 Rcf8 29. a6 Bxa6 30. Bxa6 Nxa6 31. Qxa6 Qxb6 32. Qa2 Qc6 33. Rbe1 Ra8 34. Qc2 Re6 35. Nc1 Rb8 36. Qf5 Rbe8 37. Qd3 Rb8 38. Qg3 Rbe8 39. Re2 d4 40. Qd3 R8e7 41. f3 Qd5 42. Qe4 Qxe4 43. Rxe4 g5 44. Rfe1 Kg7 45. Kf2 Kf6 46. Nd3 Rb6 47. f4 gxf4 48. Rxe5 Rc7 49. Rd5 c2 50. Rxd4 Rb1 51. Rxf4+ Kg5 52. h4+ Kg6 53. Re6+ Kg7 54. Rg4+ Kf7 55. Rgg6 c1Q 56. Nxc1 Rcxc1 57. Ref6+ Ke7 58. Rb6 Rxb6 59. Rxb6 Rc2+ 60. Kg3 h5 61. Rb5 Rc3+ 62. Kh2 Kf7 63. Rxh5 Rb3 64. Rc5 Kg6 65. h5+ Kh6 66. g4 Re3 67. Rc6+ Kh7 68. h6 1-0

[Event "CP-2007-S-00005"]
[Site "LSS email"]
[Date "2010.04.06"]
[Round "?"]
[White "Matin, Boris"]
[Black "Flatz, Helmut"]
[Result "1-0"]
[WhiteElo "2322"]
[BlackElo "2179"]
[PlyCount "85"]
[EventDate "2010.04.09"]
[EventType "tourn (corr)"]
[EventRounds "8"]
[EventCountry "GER"]
[SourceTitle "Telechess CBM 147"]
[Source "ChessBase"]
[SourceDate "2012.03.16"]
[SourceVersion "1"]
[SourceVersionDate "2012.03.16"]
[SourceQuality "1"]

1. d4 Nf6 2. c4 c5 3. d5 e6 4. Nf3 b5 5. Bg5 exd5 6. cxd5 d6 7. e4 a6 8. Bd3 Be7 9. a4 c4 10. Bc2 Bb7 11. 0-0 Nbd7 12. axb5 axb5 13. Rxa8 Qxa8 14. Nd4 Qa6 15. Nf5 h6 16. Be3 Bf8 17. b4 cxb3 18. Bd3 g6 19. Nd4 Bg7 20. Bxb5 Qa8 21. f3 0-0 22. Qxb3 Nc5 23. Qa3 Qc8 24. Nc6 Qc7 25. Qa5 Qxa5 26. Nxa5 Rb8 27. Na3 g5 28. Rb1 Bc8 29. Nc6 Rb7 30. Rd1 Bd7 31. e5 Ne8 32. Bxc5 dxc5 33. Ne7+ Kf8 34. Bxd7 Rxd7 35. Nc6 Nc7 36. Rb1 Rxd5 37. Rb8+ Ne8 38. Nc4 Bxe5 39. N6xe5 Rd1+ 40. Kf2 f6 41. Ng4 Ke7 42. Nxh6 Rc1 43. Nf5+ 1-0

[Event "LSS WC-2014-P-00010"]
[Site "LSS email"]
[Date "2010.02.18"]
[Round "?"]
[White "Bandiera, Aurelio"]
[Black "Matin, Boris"]
[Result "1/2-1/2"]
[WhiteElo "2172"]
[BlackElo "2284"]
[PlyCount "29"]
[EventDate "2010.02.24"]
[EventType "tourn (corr)"]
[EventRounds "6"]
[EventCountry "GER"]
[SourceTitle "Corr 2013"]
[Source "ChessBase"]
[SourceDate "2012.11.12"]
[SourceVersion "1"]
[SourceVersionDate "2012.11.12"]
[SourceQuality "1"]
[WhiteTeam "US of America"]
[BlackTeam "US of America"]
[WhiteTeamCountry "USA"]
[BlackTeamCountry "USA"]

1. e4 e5 2. Nf3 Nc6 3. Bb5 Nf6 4. 0-0 Nxe4 5. d4 Nd6 6. Bxc6 dxc6 7. dxe5 Nf5 8. Qxd8+ Kxd8 9. Nc3 Ne7 10. h3 Bd7 11. Ne4 Ng6 12. Nfg5 Ke8 13. f4 Nh4 14. Bd2 h6 15. Nf3 1/2-1/2

[Event "LSS WC-2014-P-00010"]
[Site "LSS email"]
[Date "2010.02.18"]
[Round "?"]
[White "Matin, Boris"]
[Black "Hargreaves, John Richard"]
[Result "1-0"]
[WhiteElo "2290"]
[BlackElo "1482"]
[PlyCount "97"]
[EventDate "2010.02.24"]
[EventType "tourn (corr)"]
[EventRounds "6"]
[EventCountry "GER"]
[SourceTitle "Telechess CBM 141"]
[Source "ChessBase"]
[SourceDate "2011.03.17"]
[SourceVersion "1"]
[SourceVersionDate "2011.03.17"]
[SourceQuality "1"]

1. d4 Nf6 2. c4 e6 3. Nf3 d5 4. Nc3 Nbd7 5. Qc2 Be7 6. Bf4 c6 7. e3 Nh5 8. Bg3 a6 9. Be5 b5 10. cxd5 cxd5 11. a4 f6 12. Bg3 Qa5 13. Nd2 b4 14. Na2 Nxg3 15. hxg3 Bb7 16. Rxh7 Kf7 17. Nb3 Qxa4 18. Nac1 Qc6 19. Qxc6 Bxc6 20. Rxh8 Rxh8 21. Rxa6 Rc8 22. Kd2 g6 23. Be2 Nb8 24. Ra7 Be8 25. Nd3 Nc6 26. Rb7 Nd8 27. Rb6 Nc6 28. Bg4 Rb8 29. Rxb8 Nxb8 30. Nbc5 f5 31. Be2 Nc6 32. g4 Bxc5 33. dxc5 fxg4 34. Bxg4 e5 35. Bd1 e4 36. Nf4 Ne7 37. Bb3 Bc6 38. Ne2 Ke6 39. Nd4+ Ke5 40. Nc2 Bd7 41. f4+ Kf5 42. Nxb4 Be6 43. Kc3 d4+ 44. exd4 Bxb3 45. Kxb3 e3 46. Kc3 Kxf4 47. Kd3 e2 48. Kxe2 Ke4 49. d5 1-0

[Event "CP-2008-Q-00007"]
[Site "LSS email"]
[Date "2010.01.10"]
[Round "?"]
[White "Bilsel, Sabahaddin"]
[Black "Matin, Boris"]
[Result "0-1"]
[WhiteElo "1898"]
[BlackElo "2282"]
[PlyCount "76"]
[EventDate "2010.01.15"]
[EventType "tourn (corr)"]
[EventRounds "6"]
[EventCountry "GER"]
[SourceTitle "Telechess CBM 141"]
[Source "ChessBase"]
[SourceDate "2011.03.17"]
[SourceVersion "1"]
[SourceVersionDate "2011.03.17"]
[SourceQuality "1"]

1. d4 Nf6 2. c4 g6 3. Nc3 d5 4. cxd5 Nxd5 5. e4 Nxc3 6. bxc3 Bg7 7. Nf3 c5 8. Bd3 Nc6 9. d5 Bxc3+ 10. Bd2 Bxa1 11. Qxa1 f6 12. Qc3 Nb4 13. Be2 Qd6 14. a3 Na6 15. 0-0 Nc7 16. h3 0-0 17. Rd1 Rd8 18. Be3 b6 19. Nd2 Ba6 20. Bxa6 Nxa6 21. Nc4 Qd7 22. e5 Nc7 23. d6 Qe6 24. Qb3 Ne8 25. d7 Ng7 26. exf6 exf6 27. Rd6 Qf7 28. g4 Rab8 29. Bxc5 bxc5 30. Qxb8 Rxb8 31. d8Q+ Rxd8 32. Rxd8+ Ne8 33. Nd6 Qc7 34. Rxe8+ Kg7 35. Nc4 Qd7 36. Re1 Qd3 37. Ne3 a5 38. Kg2 Qxa3 0-1